The welfare industry: functionaries and recipients in public aid
| 1. VerfasserIn: | |
|---|---|
| Beteiligte: | ; ; |
| Medienart: | Druck Buch |
| Sprache: | Englisch |
| Veröffentlicht: |
Beverly Hills
SAGE Publ.
1979
|
| In: |
The City & society (4)
Jahr: 1979 |
| Online-Zugang: |
Verlagsangaben (Verlag) |
| Bestand in Tübingen: | In Tübingen vorhanden. UB: KB 10 A 558 |
| Verfügbarkeit prüfen: | HBZ Gateway |
| Subito Bestelldienst: | Jetzt bestellen. |
| Schlagwörter: |
MARC
| LEADER | 00000cam a2200000 c 4500 | ||
|---|---|---|---|
| 001 | 161241589X | ||
| 003 | DE-627 | ||
| 005 | 20251225194731.0 | ||
| 007 | tu | ||
| 008 | 850101s1979 xxu||||| 00| ||eng c | ||
| 020 | |a 0803912285 |9 0-8039-1228-5 | ||
| 020 | |a 0803912277 |9 0-8039-1227-7 | ||
| 035 | |a (DE-627)161241589X | ||
| 035 | |a (DE-576)008348502 | ||
| 035 | |a (DE-599)BSZ008348502 | ||
| 035 | |a (OCoLC)4665665 | ||
| 035 | |a (OCoLC)04665665 | ||
| 035 | |a (DE-604)8035929782 | ||
| 040 | |a DE-627 |b ger |c DE-627 |e rakwb | ||
| 041 | |a eng | ||
| 044 | |c XD-US | ||
| 050 | 0 | |a HV95 | |
| 082 | 0 | |a 362.50973 | |
| 082 | 0 | |a 362.5/0973 | |
| 084 | |a MS 6470 |2 rvk |0 (DE-625)rvk/123756: | ||
| 100 | 1 | |a Street, David |4 aut | |
| 245 | 1 | 4 | |a The welfare industry |b functionaries and recipients in public aid |c David Street; George T. Martin; Laura K. Gordon |
| 264 | 1 | |a Beverly Hills |b SAGE Publ. |c 1979 | |
| 300 | |a 199 S. | ||
| 336 | |a Text |b txt |2 rdacontent | ||
| 337 | |a ohne Hilfsmittel zu benutzen |b n |2 rdamedia | ||
| 338 | |a Band |b nc |2 rdacarrier | ||
| 490 | 1 | |a The city and society |v 4 | |
| 500 | |a Includes bibliographical references and index | ||
| 500 | |a ISBN 0-8039-1228-5 | ||
| 583 | 1 | |a Archivierung prüfen |c 20200919 |f DE-640 |z 2 |2 pdager | |
| 583 | 1 | |a Archivierung prüfen |c 20240324 |f DE-4165 |z 1 |2 pdager | |
| 650 | 0 | |a Public Welfare |z United States | |
| 650 | 0 | |a Welfare recipients |z United States | |
| 650 | 0 | |a Social Change | |
| 650 | 4 | |a Wohlfahrtsökonomie | |
| 650 | 4 | |a Sozialstaat | |
| 650 | 4 | |a Sozialpolitik | |
| 651 | 0 | |a United States |x Social policy |y 1980-1993 | |
| 689 | 0 | 0 | |d g |0 (DE-588)4078704-7 |0 (DE-627)106076612 |0 (DE-576)209209682 |a USA |2 gnd |
| 689 | 0 | 1 | |d s |0 (DE-588)4018801-2 |0 (DE-627)106323946 |0 (DE-576)208926593 |a Fürsorge |2 gnd |
| 689 | 0 | |5 (DE-627) | |
| 689 | 1 | 0 | |d g |0 (DE-588)4078704-7 |0 (DE-627)106076612 |0 (DE-576)209209682 |a USA |2 gnd |
| 689 | 1 | 1 | |d s |0 (DE-588)4128491-4 |0 (DE-627)105716979 |0 (DE-576)20960252X |a Wohlfahrt |2 gnd |
| 689 | 1 | |5 (DE-627) | |
| 700 | 1 | |a Martin, George T. |4 oth | |
| 700 | 1 | |a Gordon, Laura K. |0 (DE-627)1231161108 |0 (DE-576)161161103 |4 oth | |
| 700 | 1 | |a Suttles, Gerald D. |4 oth | |
| 830 | 4 | |a The City & society |v 4 |9 4 |w (DE-627)129983934 |w (DE-576)008348510 |w (DE-600)413180-0 |7 am | |
| 856 | 4 | 2 | |u http://www.loc.gov/catdir/enhancements/fy0660/79001167-d.html |v 2018-04-09 |x Verlag |3 Verlagsangaben |7 1 |
| 889 | |w (DE-627)010725458 | ||
| 935 | |i mdedup | ||
| 936 | r | v | |a MS 6470 |b Sozialarbeit; Hilfsorganisation, Rehabilitation, Sozialpädagogik, Resozialisierung, Bewährungshilfe |k Soziologie |k Spezielle Soziologien |k Soziale Probleme |k Sozialarbeit; Hilfsorganisation, Rehabilitation, Sozialpädagogik, Resozialisierung, Bewährungshilfe |0 (DE-627)1270651951 |0 (DE-625)rvk/123756: |0 (DE-576)200651951 |
| 951 | |a BO | ||
| ELC | |b 1 | ||
| LOK | |0 000 xxxxxcx a22 zn 4500 | ||
| LOK | |0 001 3167204052 | ||
| LOK | |0 003 DE-627 | ||
| LOK | |0 004 161241589X | ||
| LOK | |0 005 20020606000000 | ||
| LOK | |0 008 910319||||||||||||||||ger||||||| | ||
| LOK | |0 040 |a DE-21 |c DE-627 |d DE-21 | ||
| LOK | |0 852 |a DE-21 | ||
| LOK | |0 852 1 |c KB 10 A 558 |9 00 | ||
| LOK | |0 935 |a krim | ||
| LOK | |0 936ln |a k4.3.1 | ||
| LOK | |0 939 |a 19-03-91 |b l01 | ||
| ORI | |a SA-MARC-krimdoka001.raw | ||
| SIG | |a UB: KB 10 A 558 | ||
